Methods of mathematical physics
Đã lưu trong:
| Những tác giả chính: | , |
|---|---|
| Định dạng: | Sách |
| Ngôn ngữ: | Tiếng Anh |
| Được phát hành: |
Nueva York
University of Cambridge
1972
|
| Phiên bản: | 3a. ed |
| Những chủ đề: | |
| Các nhãn: |
Thêm thẻ
Không có thẻ, Là người đầu tiên thẻ bản ghi này!
|
MARC
| LEADER | 00000nam a2200000 a 4500 | ||
|---|---|---|---|
| 001 | UCL2553 | ||
| 003 | CL-VaPUC | ||
| 008 | 031024e19720000US |||||||||||||||||eng|d | ||
| 020 | |a 0521664020 | ||
| 082 | 0 | 4 | |a 530.15 |b JEF |2 21 |
| 100 | |a Jeffreys, Harold |e author |9 479671 | ||
| 700 | 0 | |a Swirles, Bertha |e author |9 479672 | |
| 245 | 1 | 0 | |a Methods of mathematical physics |
| 250 | |a 3a. ed | ||
| 300 | |a 718 p | ||
| 942 | |c BK | ||
| 945 | |d 20031024 00:00:00 |a cmena | ||
| 260 | |a Nueva York |b University of Cambridge |c 1972 | ||
| 650 | 0 | |a Física matemática |9 260981 | |
| 650 | 0 | |a Análisis matemático |9 260146 | |
| 650 | 0 | |a Cálculo |9 260234 | |
| 583 | |a last modification |c 20031024 00:00:00 |k Rodrigo Vera | ||
| 999 | |c 305843 |d 305841 | ||
| 952 | |0 0 |1 0 |4 0 |6 530_150000000000000_JEF_1972 |7 0 |8 A |9 370316 |a BIBCUR |b BIBCUR |d 2019-11-21 |i 2083612 |o 530.15 JEF 1972 |p 2083612 |r 2025-04-22 |w 2019-11-21 |y BK |k FIS | ||
| 952 | |0 0 |1 0 |4 0 |6 530_150000000000000_JEF_1972 |7 0 |8 A |9 370317 |a BIBCUR |b BIBCUR |d 2019-11-21 |i 4035038 |l 3 |m 1 |o 530.15 JEF 1972 |p 4035038 |r 2025-04-22 |s 2022-08-25 |w 2019-11-21 |y BK |k FIS | ||